000 01691nam a2200229Ia 4500
008 260220t1988||||xx |||||||||||||| ||spa||
040 _aPY-SlUNAC
_bspa
_erda
041 _aspa
082 _a512.72
_bN213el
245 0 _aEl Sistema de los números racionales
264 _aCiudad de México :
_bTrillas,
_c℗1988.
300 _a1 volumen
520 _a"El Sistema de los números racionales" es una obra que explora en profundidad la estructura y las propiedades de los números racionales, presentando un enfoque didáctico que facilita su comprensión. A lo largo del texto, se analizan las definiciones fundamentales, así como las operaciones básicas que se pueden realizar con estos números, como la suma, resta, multiplicación y división. El autor destaca la importancia de los números racionales en contextos matemáticos más amplios, relacionándolos con conceptos como fracciones, decimales y porcentajes. Además, se abordan aplicaciones prácticas en la vida cotidiana y en diversas áreas del conocimiento, lo que permite al lector apreciar su relevancia. La obra incluye ejemplos y ejercicios que fomentan el aprendizaje activo, así como ilustraciones que clarifican los conceptos presentados. En conclusión, este libro constituye una herramienta valiosa para estudiantes y educadores interesados en una comprensión sólida de los números racionales y su aplicación en situaciones reales.
653 _aEducación matemática
653 _aMatemáticas
653 _aNúmeros racionales
942 _b2026/02/17
_cBK
999 _c7492
_d7492